Homenaje de la nación cubana / (Registro nro. 20681)
[ vista simple ]
| 000 -CABECERA | |
|---|---|
| campo de control de longitud fija | 00456nam a2200157 a 4500 |
| 001 - NÚMERO DE CONTROL | |
| campo de control | 000021180 |
| 005 - FECHA Y HORA DE LA ÚLTIMA TRANSACCIÓN | |
| campo de control | 20200930011245.0 |
| 008 - DATOS DE LONGITUD FIJA--INFORMACIÓN GENERAL | |
| campo de control de longitud fija | 100901s1972 sp r 000 0 spa d |
| 040 ## - FUENTE DE LA CATALOGACIÓN | |
| Centro catalogador/agencia de origen | DO-SdBNP |
| Lengua de catalogación | spa |
| Centro/agencia transcriptor | BNPHU |
| 082 ## - NÚMERO DE LA CLASIFICACIÓN DECIMAL DEWEY | |
| Número de clasificación | NNN |
| Número de documento/Ítem | M111h |
| 049 ## - FONDOS LOCALES (OCLC) | |
| Fondos de biblioteca | BNGR |
| 100 1# - ENTRADA PRINCIPAL--NOMBRE DE PERSONA | |
| Nombre de persona | Mañach, Jorge, |
| Fechas asociadas al nombre | 1898-1961. |
| 9 (RLIN) | 29417 |
| 245 10 - MENCIÓN DE TÍTULO | |
| Título | Homenaje de la nación cubana / |
| Mención de responsabilidad, etc. | Jorge Mañach. |
| 260 ## - PUBLICACIÓN, DISTRIBUCIÓN, ETC. | |
| Lugar de publicación, distribución, etc. | Río Piedras, Puerto Rico : |
| Nombre del editor, distribuidor, etc. | San Juan, |
| Fecha de publicación, distribución, etc. | [1972]. |
| 300 ## - DESCRIPCIÓN FÍSICA | |
| Extensión | 166 p. ; |
| -- | 21 cm. |
| Estado de retiro | Estado de pérdida | Restricciones de uso | No para préstamo | Código de colección | Localización permanente | Ubicación/localización actual | Ubicación en estantería | Fecha de adquisición | Número de inventario | Total de préstamos | Signatura topográfica completa | Código de barras | Fecha visto por última vez | Precio válido a partir de | Tipo de ítem Koha |
|---|---|---|---|---|---|---|---|---|---|---|---|---|---|---|---|
| Monografías: Libros y Folletos | General | General | En catalogación | 01.09.2010 | LF1 | NNN M111h | 21180-10 | 25.06.2020 | 25.06.2020 | Préstamo en sala |
